000 00356nam a2200133 a 4500
005 20140414131904.0
008 100915s19uu xx 00 eng d
050 _aFIC
_bOs1 1996
100 _aOsborne, Mary Pope
245 _aMidnight on the moon :
_bBook 8.
260 _aNew York :
_bScholastic ,
_c1996.
440 _aMagic Tree House
999 _c110845
_d110845